[Event "Tournoi francophone 020B"]
[Site "Skype"]
[Date "????.??.??"]
[Round "1.1"]
[White "Gadow, Martin"]
[Black "Guillaume, Mickael"]
[Result "1/2-1/2"]
[WhiteElo "1467"]
[BlackElo "1126"]
[PlyCount "112"]

1. Nf3 Nf6 2. d4 d5 3. Bf4 Bf5 4. e3 e6 5. Be2 Bd6 6. Ne5 Nbd7 7. Nd2 c5 8.
Nxf7 Kxf7 9. Bxd6 Qb6 10. dxc5 Nxc5 11. Bxc5 Qxc5 12. c3 Rhf8 13. Nb3 Qd6 14.
Nd4 Be4 15. f3 Bg6 16. O-O e5 17. Bb5 exd4 18. Qxd4 a6 19. Be2 Rfd8 20. e4 dxe4
21. Bc4+ Kf8 22. Qf2 Rac8 23. Bb3 b5 24. Rad1 Qe7 25. fxe4 Bxe4 26. Rxd8+ Rxd8
27. Rd1 Rxd1+ 28. Bxd1 g6 29. h3 Qd6 30. Bb3 Kg7 31. Qa7+ Kh6 32. Qe3+ Kg7 33.
Qa7+ Nd7 34. Kh1 Kf6 35. Qf2+ Kg5 36. Qe3+ Qf4 37. h4+ Kf5 38. Be6+ Ke5 39.
Qxf4+ Kxf4 40. Bxd7 Kg3 41. Kg1 Bxg2 42. Be8 Be4 43. h5 g5 44. a4 Bd3 45. axb5
axb5 46. Bf7 h6 47. Bg6 Bc4 48. Be8 g4 49. b3 Bxb3 50. Bxb5 Kh3 51. Be8 g3 52.
Bg6 Bc4 53. Bf5+ Kh4 54. Bg6 Bd5 55. Be8 Bf3 56. c4 Kg4 1/2-1/2

[Event "Tournoi francophone 020B"]
[Site "Skype"]
[Date "????.??.??"]
[Round "1.2"]
[White "Abdulrazzaq, Mohsen"]
[Black "Gharbi, Said"]
[Result "1-0"]
[WhiteElo "1371"]
[BlackElo "1252"]
[PlyCount "59"]

1. e4 e5 2. Nf3 Nc6 3. Bc4 Be7 4. Nc3 Nf6 5. O-O O-O 6. d4 d6 7. d5 Na5 8. Be2
b6 9. h3 c6 10. dxc6 Nxc6 11. Be3 Bb7 12. Re1 Rc8 13. Qd2 Re8 14. Rad1 Qd7 15.
Bb5 a6 16. Ba4 b5 17. Bb3 Na5 18. Bg5 Nxb3 19. axb3 Rcd8 20. Bxf6 Bxf6 21. Nd5
Bxd5 22. Qxd5 Rc8 23. Qd2 Rc6 24. Re3 Rec8 25. Rc3 Rxc3 26. bxc3 Qc6 27. Qxd6
Qxd6 28. Rxd6 Rxc3 29. Rxa6 Rxc2 30. Ra8+ 1-0

[Event "Tournoi francophone 020B"]
[Site "Skype"]
[Date "????.??.??"]
[Round "1.3"]
[White "Marino, Giuseppe"]
[Black "Trivedi, Viral"]
[Result "1/2-1/2"]
[WhiteElo "1335"]
[BlackElo "1261"]
[PlyCount "104"]

1. e4 e6 2. d3 d5 3. exd5 exd5 4. Nf3 Bg4 5. Be2 Bd6 6. c3 Nc6 7. h3 Be6 8. a3
Nge7 9. Bg5 f6 10. Be3 Qd7 11. Nd4 Bf7 12. Nxc6 Nxc6 13. Nd2 Ne5 14. Nf3 Ng6
15. Qd2 c6 16. Nd4 h5 17. Nf3 Qc7 18. b3 Nf4 19. Bxf4 Bxf4 20. Qd1 g5 21. d4
O-O-O 22. Qc2 Kb8 23. g3 Bd6 24. Bd3 Rhe8+ 25. Be2 Bg8 26. b4 Bh7 27. Qd2 Be4
28. Qe3 g4 29. hxg4 hxg4 30. Kd2 gxf3 31. Bxf3 Bxf3 32. Qxf3 Qg7 33. Kc2 Qg6+
34. Kb2 Qe4 35. Qxe4 Rxe4 36. Rae1 Rde8 37. Rxe4 Rxe4 38. Rf1 Re2+ 39. Kb3 f5
40. f4 Rg2 41. Rf3 b6 42. Re3 a5 43. bxa5 bxa5 44. Ka4 Ra2 45. Kxa5 Bxa3 46.
Kb6 Kc8 47. Kxc6 Kd8 48. Kxd5 Be7 49. Re5 Kd7 50. Rxf5 Ra5+ 51. Ke4 Rxf5 52.
Kxf5 Kd6 1/2-1/2

[Event "Tournoi francophone 020B"]
[Site "Skype"]
[Date "????.??.??"]
[Round "1.4"]
[White "Pouteau, Pascal"]
[Black "Duthoit, Bernard"]
[Result "1-0"]
[WhiteElo "1349"]
[BlackElo "1320"]
[PlyCount "54"]

1. Nf3 Nf6 2. d4 d5 3. c4 c6 4. Nc3 e6 5. Bg5 Be7 6. Qc2 O-O 7. e3 a6 8. Be2
Nbd7 9. O-O Re8 10. a4 a5 11. c5 b6 12. cxb6 Nxb6 13. Ne5 Nbd7 14. Nxc6 Qc7 15.
Nb5 Qb7 16. Nxe7+ Rxe7 17. Ra3 e5 18. Rb3 Re6 19. Nc7 Rc6 20. Rc3 Rxc3 21. Qxc3
Rb8 22. Bb5 Ne4 23. Qxa5 Nxg5 24. Nxd5 Qxd5 25. Qd8+ Nf8 26. Qxd5 Bb7 27. Qxe5
Ne4 1-0

[Event "Tournoi francophone 020B"]
[Site "Skype"]
[Date "????.??.??"]
[Round "1.5"]
[White "Sauvaget, Joel"]
[Black "Le Brun, Yves"]
[Result "0-1"]
[WhiteElo "1255"]
[BlackElo "1331"]
[PlyCount "50"]

1. d4 d5 2. Nf3 Bf5 3. c3 c6 4. e3 Nf6 5. Be2 e6 6. Nbd2 Be7 7. Ne5 Bg6 8. Ndf3
Ne4 9. O-O Nd7 10. Nxd7 Qxd7 11. Bd3 O-O 12. Qc2 Bf6 13. Nd2 Nxd2 14. Bxd2 e5
15. Bxg6 fxg6 16. dxe5 Bxe5 17. Rae1 Rae8 18. Re2 g5 19. e4 Bf4 20. Bxf4 gxf4
21. e5 f3 22. gxf3 Rxf3 23. e6 Rxe6 24. Rxe6 Qxe6 25. Qd3 Rxd3 0-1

[Event "Tournoi francophone 020B"]
[Site "Skype"]
[Date "????.??.??"]
[Round "2.1"]
[White "Guillaume, Mickael"]
[Black "Le Brun, Yves"]
[Result "0-1"]
[WhiteElo "1126"]
[BlackElo "1331"]
[PlyCount "96"]

1. e4 b6 2. d4 Bb7 3. c4 Bxe4 4. Bd3 Bxg2 5. Ne2 Bxh1 6. Ng3 Bg2 7. f3 g6 8.
Be4 d5 9. Bxd5 c6 10. Be4 e6 11. a3 Qh4 12. Kf2 Qxh2 13. Qg1 Qxg1+ 14. Kxg1 Bh3
15. Bf4 Kd7 16. Nc3 Bg7 17. Rd1 f5 18. Bxc6+ Nxc6 19. Kh2 Nxd4 20. Kxh3 e5 21.
Be3 f4 22. Bxd4 Ke6 23. Nd5 fxg3 24. Nc7+ Kf5 25. Nxa8 exd4 26. Kxg3 Be5+ 27.
Kf2 Nf6 28. Nxb6 axb6 29. b4 Rc8 30. Rc1 Kf4 31. c5 bxc5 32. bxc5 Rc6 33. a4
Nd7 34. a5 Bb8 35. Rc4 Ke5 36. Ke2 Nxc5 37. a6 Kd5 38. a7 Bxa7 39. Rc1 Ra6 40.
Kf1 Ra3 41. Kg2 Nd3 42. Rc7 Bb8 43. Rxh7 Nf4+ 44. Kg3 d3 45. Kf2 Kd4 46. Ke1
Kc3 47. Rd7 Ra1+ 48. Kf2 d2 0-1

[Event "Tournoi francophone 020B"]
[Site "Skype"]
[Date "????.??.??"]
[Round "2.2"]
[White "Duthoit, Bernard"]
[Black "Sauvaget, Joel"]
[Result "0-1"]
[WhiteElo "1320"]
[BlackElo "1255"]
[PlyCount "122"]

1. e4 e5 2. Nf3 d6 3. Nc3 Nf6 4. Bb5+ Bd7 5. Bxd7+ Nbxd7 6. O-O Be7 7. d3 O-O
8. Ne2 Nb6 9. b3 a6 10. Nd2 Rc8 11. f4 exf4 12. Nxf4 Re8 13. Bb2 Bf8 14. Nh3
Nbd7 15. Nc4 Ne5 16. Nxe5 dxe5 17. Nf2 Bc5 18. Kh1 Bd4 19. c3 Bb6 20. Ng4 Nxg4
21. Qxg4 c6 22. Qf3 Qd7 23. Rad1 Bc7 24. d4 exd4 25. Rxd4 Qe6 26. Qf5 Qxf5 27.
exf5 f6 28. c4 Be5 29. Rd2 Bxb2 30. Rxb2 Re7 31. Rd2 Rce8 32. h4 h6 33. Kh2 c5
34. Kh3 Kf8 35. Rd5 b6 36. Rf2 Rb8 37. Rfd2 Rbb7 38. h5 a5 39. Kg4 Rb8 40. Rd6
Rbb7 41. Kf4 b5 42. Rc6 bxc4 43. bxc4 Rec7 44. Rxc7 Rxc7 45. Rb2 a4 46. Rb5 a3
47. Ra5 Ke7 48. Rxa3 Rc6 49. Ra7+ Kf8 50. a4 Rb6 51. Ke4 Rd6 52. Ke3 Rd4 53.
Rc7 Rxc4 54. Ra7 Rc3+ 55. Kd2 Rb3 56. a5 c4 57. Kc2 Ra3 58. a6 Ra2+ 59. Kc3 Ra4
60. Rxg7 Rxa6 61. Kxc4 Kxg7 0-1

[Event "Tournoi francophone 020B"]
[Site "Skype"]
[Date "????.??.??"]
[Round "2.3"]
[White "Trivedi, Viral"]
[Black "Pouteau, Pascal"]
[Result "1/2-1/2"]
[WhiteElo "1261"]
[BlackElo "1349"]
[PlyCount "41"]

1. d4 g6 2. Bf4 d6 3. e3 Nc6 4. Bb5 Bd7 5. c3 Bg7 6. d5 Ne5 7. Be2 Bh6 8. Bxh6
Nxh6 9. Nf3 Bg4 10. Nxe5 Bxe2 11. Nxf7 Bxd1 12. Nxd8 Rxd8 13. Kxd1 O-O 14. f3
Rf5 15. e4 Rf6 16. Nd2 Nf7 17. Nc4 b6 18. Ke2 Re8 19. Rag1 e6 20. Ne3 Ne5 21.
c4 1/2-1/2

[Event "Tournoi francophone 020B"]
[Site "Skype"]
[Date "????.??.??"]
[Round "2.4"]
[White "Gharbi, Said"]
[Black "Marino, Giuseppe"]
[Result "0-1"]
[WhiteElo "1252"]
[BlackElo "1335"]
[PlyCount "89"]

1. e4 e5 2. Nf3 d6 3. Be2 Be7 4. c3 Nf6 5. d4 exd4 6. Qa4+ c6 7. Nxd4 O-O 8.
Nd2 Nbd7 9. Nxc6 bxc6 10. Qxc6 Rb8 11. Bf3 Ne5 12. Qa4 Nxf3+ 13. Nxf3 a6 14.
O-O Bb7 15. e5 Qd7 16. Qd4 dxe5 17. Nxe5 Qxd4 18. cxd4 Bd6 19. Bf4 Bxe5 20.
Bxe5 Rbd8 21. Bxf6 gxf6 22. Rad1 Kh8 23. Rd2 Rg8 24. g3 Rg4 25. Rfd1 Bf3 26.
Re1 Rgxd4 27. Rxd4 Rxd4 28. Ra1 Kg7 29. h4 Rd1+ 30. Rxd1 Bxd1 31. Kg2 Kg6 32.
f4 Kf5 33. Kf2 Ke4 34. b4 h6 35. Kg2 Kd4 36. Kf2 Kc4 37. Ke3 Kxb4 38. Kd2 Bg4
39. Kc1 Kc3 40. Kb1 Kd3 41. a4 Ke3 42. Kb2 Kf2 43. Kb3 Bd1+ 44. Kb4 Bxa4 45.
Kxa4 0-1

[Event "Tournoi francophone 020B"]
[Site "Skype"]
[Date "????.??.??"]
[Round "2.5"]
[White "Gadow, Martin"]
[Black "Abdulrazzaq, Mohsen"]
[Result "1/2-1/2"]
[WhiteElo "1467"]
[BlackElo "1371"]
[PlyCount "101"]

1. d4 Nf6 2. Bf4 d6 3. Nf3 Nbd7 4. e3 g6 5. Nbd2 Bg7 6. Bd3 h6 7. c3 O-O 8. O-O
Re8 9. e4 e5 10. dxe5 dxe5 11. Be3 Nb6 12. Nb3 Bg4 13. h3 Bxf3 14. Qxf3 Qxd3
15. Nc5 Qb5 16. b3 Nbd7 17. c4 Qc6 18. Nxd7 Qxd7 19. Bxh6 Re6 20. Bg5 Nh7 21.
Be3 Rf6 22. Qe2 Qc6 23. Qg4 Re6 24. Rad1 Nf6 25. Qh4 Qxe4 26. Qg3 Nh5 27. Qg5
Nf4 28. Rd8+ Re8 29. Rxe8+ Rxe8 30. Re1 Qf5 31. Qg3 Nh5 32. Qh2 e4 33. g4 Qe5
34. gxh5 Qxh2+ 35. Kxh2 gxh5 36. Bxa7 b6 37. c5 Re6 38. cxb6 cxb6 39. Bb8 Be5+
40. Bxe5 Rxe5 41. Rc1 b5 42. b4 Rd5 43. Rc8+ Kg7 44. Ra8 Rd2 45. Kg3 Kg6 46. a4
bxa4 47. Rxa4 Rd3+ 48. Kg2 h4 49. b5 e3 50. fxe3 Rxe3 51. Rxh4 1/2-1/2

[Event "Tournoi francophone 020B"]
[Site "Skype"]
[Date "????.??.??"]
[Round "3.1"]
[White "Abdulrazzaq, Mohsen"]
[Black "Guillaume, Mickael"]
[Result "0-1"]
[WhiteElo "1371"]
[BlackElo "1126"]
[PlyCount "56"]

1. e4 e5 2. Nf3 Nc6 3. Bc4 Bc5 4. c3 Nf6 5. O-O d5 6. exd5 Nxd5 7. b4 Bb6 8. a4
a6 9. Ba3 f6 10. b5 Nce7 11. bxa6 bxa6 12. Re1 O-O 13. d4 Kh8 14. dxe5 c5 15.
Bxd5 Nxd5 16. c4 Nf4 17. Qxd8 Rxd8 18. exf6 gxf6 19. Bb2 Rf8 20. Nc3 Ba5 21.
Re4 Nd3 22. Nd1 Rb8 23. Ba3 Bd7 24. Re3 Rb3 25. Kf1 Rfb8 26. Ke2 Nf4+ 27. Kf1
Rb1 28. Bc1 Rxa1 0-1

[Event "Tournoi francophone 020B"]
[Site "Skype"]
[Date "????.??.??"]
[Round "3.2"]
[White "Marino, Giuseppe"]
[Black "Gadow, Martin"]
[Result "0-1"]
[WhiteElo "1335"]
[BlackElo "1467"]
[PlyCount "122"]

1. e4 c5 2. Bc4 e6 3. Nf3 Nc6 4. c3 Nf6 5. d3 Be7 6. O-O O-O 7. h3 Qc7 8. Bg5
d5 9. exd5 exd5 10. Bxf6 Bxf6 11. Bxd5 Rd8 12. Bb3 Ne5 13. Bc2 Bf5 14. Nxe5
Qxe5 15. Qf3 Qe6 16. Nd2 Qd7 17. Ne4 Be7 18. Rad1 Bg6 19. Rfe1 Qb5 20. b3 Qc6
21. Bb1 f5 22. Nd2 Qc7 23. Nf1 Bf6 24. Rc1 f4 25. b4 cxb4 26. cxb4 Qd6 27. Red1
Bd4 28. Nd2 Bf7 29. Ne4 Qxb4 30. Qxf4 Rf8 31. Qd2 Qb6 32. Qe2 Bd5 33. Rf1 Rae8
34. Qd2 Qg6 35. Qg5 Bxe4 36. Qxg6 Bxg6 37. Rc4 Bxf2+ 38. Kh2 Bg3+ 39. Kg1 Bh2+
40. Kxh2 Rxf1 41. Bc2 Rc1 42. Rc7 Bxd3 43. Bb3+ Kh8 44. Rxc1 Bb5 45. Rc5 Bc6
46. Rf5 h6 47. Kg3 Be4 48. Rf2 Kh7 49. Re2 g5 50. Bc2 Bxc2 51. Rxe8 Kg7 52.
Re7+ Kf6 53. Rxb7 h5 54. Rxa7 h4+ 55. Kf2 Be4 56. Ra6+ Ke5 57. g3 hxg3+ 58.
Kxg3 Bf5 59. Ra5+ Kf6 60. Rxf5+ Kxf5 61. a4 Ke5 0-1

[Event "Tournoi francophone 020B"]
[Site "Skype"]
[Date "????.??.??"]
[Round "3.3"]
[White "Pouteau, Pascal"]
[Black "Gharbi, Said"]
[Result "0-1"]
[WhiteElo "1349"]
[BlackElo "1252"]
[PlyCount "80"]

1. d4 e5 2. d5 Nf6 3. Bg5 Be7 4. Nc3 d6 5. e4 c6 6. dxc6 Nxc6 7. Bb5 a6 8. Ba4
b5 9. Bb3 Nd4 10. Bxf6 Bxf6 11. Bd5 Ra7 12. Nce2 Qa5+ 13. c3 Bg4 14. b4 Qa3 15.
cxd4 Bxe2 16. Nxe2 exd4 17. Qb3 Qxb3 18. Bc6+ Ke7 19. axb3 d3 20. Ra2 dxe2 21.
Kxe2 Bc3 22. Bxb5 Rha8 23. Bc4 Bxb4 24. Rc1 a5 25. f4 Kf6 26. g4 g5 27. Rf1 h6
28. fxg5+ Kxg5 29. Kf3 Kh4 30. h3 Rg8 31. Kf4 Rg6 32. Kf3 h5 33. Rg2 f6 34. Be6
Re7 35. Bf5 Rgg7 36. Ke2 Bc3 37. Kd3 Rc7 38. Rf4 Be5 39. Rf3 Rc3+ 40. Kd2 Rxf3
0-1

[Event "Tournoi francophone 020B"]
[Site "Skype"]
[Date "????.??.??"]
[Round "3.4"]
[White "Sauvaget, Joel"]
[Black "Trivedi, Viral"]
[Result "0-1"]
[WhiteElo "1255"]
[BlackElo "1261"]
[PlyCount "58"]

1. d4 e6 2. Nf3 d5 3. c3 f5 4. e3 Nf6 5. Be2 Bd6 6. Nbd2 O-O 7. O-O Bd7 8. Re1
Be8 9. Nf1 Bh5 10. Ng3 Bxf3 11. Bxf3 Nbd7 12. Bd2 Ne4 13. Nxe4 dxe4 14. Be2 c6
15. Rf1 Qh4 16. g3 Qh3 17. Re1 Nf6 18. Bf1 Qh6 19. Bg2 Ng4 20. h3 Nf6 21. Rf1
Qg6 22. Be1 Nh5 23. Kh2 Rf6 24. Qe2 Qg5 25. f4 exf3 26. Rxf3 Rg6 27. Qf2 Nf6
28. Bd2 Qh5 29. Rh1 Ng4+ 0-1

[Event "Tournoi francophone 020B"]
[Site "Skype"]
[Date "????.??.??"]
[Round "3.5"]
[White "Le Brun, Yves"]
[Black "Duthoit, Bernard"]
[Result "1-0"]
[WhiteElo "1331"]
[BlackElo "1320"]
[PlyCount "57"]

1. d4 e5 2. d5 d6 3. e4 Nf6 4. Bd3 Bg4 5. f3 Bh5 6. Be3 h6 7. Qe2 Nbd7 8. Na3
a6 9. Nc4 b5 10. Nd2 Rc8 11. c3 c6 12. Bc2 cxd5 13. g4 Bg6 14. Bf2 dxe4 15.
Nxe4 Nxe4 16. Bxe4 Bxe4 17. Qxe4 Nf6 18. Qe2 Nd5 19. Rd1 Nf4 20. Qf1 g5 21. Ne2
Nxe2 22. Qxe2 f6 23. Qe4 Kf7 24. h4 Bg7 25. h5 Rf8 26. Qb7+ Kg8 27. Qxa6 Ra8
28. Qxb5 Rxa2 29. Qd5+ 1-0

[Event "Tournoi francophone 020B"]
[Site "Skype"]
[Date "????.??.??"]
[Round "4.1"]
[White "Guillaume, Mickael"]
[Black "Duthoit, Bernard"]
[Result "0-1"]
[WhiteElo "1126"]
[BlackElo "1320"]
[PlyCount "48"]

1. e4 e6 2. d4 d5 3. c4 dxe4 4. Be3 Nf6 5. f3 Bb4+ 6. Nd2 O-O 7. Qc2 exf3 8.
Ngxf3 Nbd7 9. Bd3 c5 10. O-O cxd4 11. Bxd4 Bc5 12. Kh1 Bxd4 13. Nxd4 Re8 14.
Rae1 Nc5 15. Re3 Qxd4 16. Rff3 Nxd3 17. Rxd3 Qe5 18. Nf1 Ng4 19. Qd2 Qc7 20.
Rf4 e5 21. Qe2 Be6 22. Rxg4 Bxc4 23. Rc3 Bxe2 24. Rxc7 Bxg4 0-1

[Event "Tournoi francophone 020B"]
[Site "Skype"]
[Date "????.??.??"]
[Round "4.2"]
[White "Trivedi, Viral"]
[Black "Le Brun, Yves"]
[Result "0-1"]
[WhiteElo "1261"]
[BlackElo "1331"]
[PlyCount "119"]

1. d4 Nf6 2. Bf4 d5 3. e3 b6 4. c3 Qd7 5. Nf3 e6 6. Ne5 Qe7 7. Qa4+ Bd7 8. Bb5
Bxb5 9. Qxb5+ Nfd7 10. Nc6 Nxc6 11. Qxc6 Rc8 12. Na3 a6 13. Qb7 Qd8 14. Nc2 a5
15. O-O c6 16. b4 Nb8 17. Bxb8 Rxb8 18. Qxc6+ Ke7 19. bxa5 bxa5 20. Rab1 Rc8
21. Qb7+ Kf6 22. Qb3 Bd6 23. Qb2 Qc7 24. f4 Qxc3 25. Qxc3 Rxc3 26. Rf2 Rhc8 27.
Rb2 a4 28. g4 a3 29. Rb6 Rxc2 30. Rxd6 Rxf2 31. g5+ Kf5 32. Kxf2 Rc2+ 33. Kf3
Rxh2 34. Rd7 Rh3+ 35. Kf2 Kg6 36. Ra7 Rh2+ 37. Kf3 Rxa2 38. e4 Ra1 39. exd5
exd5 40. Kg4 h5+ 41. gxh6 gxh6 42. Ra6+ Kg7 43. Kh5 Rh1+ 44. Kg4 Rd1 45. Rxa3
Rxd4 46. Kf5 Rd2 47. Rg3+ Kf8 48. Kf6 Rf2 49. f5 d4 50. Rd3 Rf4 51. Rh3 Kg8 52.
Ke5 Rg4 53. Rxh6 d3 54. Rh1 Rg2 55. Rd1 Re2+ 56. Kf4 d2 57. Kf3 Rh2 58. Ke3 Kg7
59. Rf1 Kf6 60. Kf4 0-1

[Event "Tournoi francophone 020B"]
[Site "Skype"]
[Date "????.??.??"]
[Round "4.3"]
[White "Gharbi, Said"]
[Black "Sauvaget, Joel"]
[Result "1-0"]
[WhiteElo "1252"]
[BlackElo "1255"]
[PlyCount "41"]

1. e4 e5 2. f4 exf4 3. Nf3 d6 4. Bc4 h6 5. d4 Be7 6. Bxf4 Nf6 7. Nc3 O-O 8. e5
dxe5 9. Nxe5 Nbd7 10. Ng6 Re8 11. O-O Nf8 12. Nxf8 Rxf8 13. Nb5 Bd6 14. Be5
Bxe5 15. dxe5 Nh7 16. Qxd8 Rxd8 17. Rxf7 Kh8 18. Nxc7 Rb8 19. e6 Rf8 20. Rxf8+
Nxf8 21. e7 1-0

[Event "Tournoi francophone 020B"]
[Site "Skype"]
[Date "????.??.??"]
[Round "4.4"]
[White "Gadow, Martin"]
[Black "Pouteau, Pascal"]
[Result "1-0"]
[WhiteElo "1467"]
[BlackElo "1349"]
[PlyCount "93"]

1. c4 g6 2. Nf3 Bg7 3. Nc3 d6 4. e3 Bg4 5. Be2 Nc6 6. O-O e5 7. d3 Nge7 8. Nd2
Bxe2 9. Nxe2 Qd7 10. e4 O-O 11. Nf3 f5 12. Bg5 Kh8 13. exf5 Nxf5 14. Nh4 Nxh4
15. Bxh4 Qg4 16. Bg3 Rae8 17. h3 Qe6 18. Rb1 Ne7 19. Re1 Nf5 20. Nf4 Qf7 21.
Ne2 Nxg3 22. fxg3 Qe6 23. Nd4 Qd7 24. Nf3 Qc6 25. Kh1 Re7 26. Re4 Qe8 27. Qe2
Rff7 28. Re1 c5 29. d4 Rf5 30. g4 Rxf3 31. gxf3 cxd4 32. Rxd4 Qc6 33. Rd5 Bh6
34. b3 Bf4 35. Qe4 a6 36. Red1 Re6 37. c5 Kg7 38. Rxd6 Rxd6 39. Rxd6 Qxc5 40.
Rd7+ Kh6 41. Qe1 g5 42. Qd1 e4 43. fxe4 Qf2 44. Rd6+ Kg7 45. Qd4+ Qxd4 46. Rxd4
Kf7 47. Rd7+ 1-0

[Event "Tournoi francophone 020B"]
[Site "Skype"]
[Date "????.??.??"]
[Round "4.5"]
[White "Abdulrazzaq, Mohsen"]
[Black "Marino, Giuseppe"]
[Result "1/2-1/2"]
[WhiteElo "1371"]
[BlackElo "1335"]
[PlyCount "49"]

1. e4 e5 2. Nf3 d6 3. h3 Nf6 4. Nc3 c6 5. Bc4 Be7 6. O-O O-O 7. Re1 Re8 8. d4
exd4 9. Nxd4 Nbd7 10. Bf4 Ne5 11. Bxe5 dxe5 12. Nf3 Bd6 13. Qd3 Be6 14. Bxe6
Rxe6 15. Rad1 Bc7 16. Qxd8+ Rxd8 17. Rxd8+ Bxd8 18. Rd1 Re8 19. Nxe5 Rxe5 20.
Rxd8+ Re8 21. Rxe8+ Nxe8 22. e5 f6 23. f4 fxe5 24. fxe5 Kf7 25. Ne4 1/2-1/2

[Event "Tournoi francophone 020B"]
[Site "Skype"]
[Date "????.??.??"]
[Round "5.1"]
[White "Marino, Giuseppe"]
[Black "Guillaume, Mickael"]
[Result "1/2-1/2"]
[WhiteElo "1335"]
[BlackElo "1126"]
[PlyCount "72"]

1. e4 e5 2. Nf3 Nf6 3. d3 Bc5 4. h3 d6 5. Be2 Be6 6. c3 Nc6 7. a3 a6 8. O-O O-O
9. Bg5 b5 10. Nbd2 d5 11. exd5 Bxd5 12. Nb3 Bb6 13. d4 Re8 14. dxe5 Nxe5 15.
Nxe5 Rxe5 16. Bxf6 Qxf6 17. Bf3 Rd8 18. Bxd5 Rdxd5 19. Qc2 c6 20. Rad1 Rf5 21.
Rxd5 Rxd5 22. Qe2 Kf8 23. Nd2 Re5 24. Qd1 Ke7 25. Nf3 Rd5 26. Qe2+ Qe6 27.
Qxe6+ fxe6 28. Re1 Kd6 29. Kf1 c5 30. Ke2 c4 31. Rd1 Rxd1 32. Kxd1 Bxf2 33. Ke2
Bb6 34. Nd2 e5 35. Kf3 Kd5 36. Ne4 h6 1/2-1/2

[Event "Tournoi francophone 020B"]
[Site "Skype"]
[Date "????.??.??"]
[Round "5.2"]
[White "Pouteau, Pascal"]
[Black "Abdulrazzaq, Mohsen"]
[Result "1/2-1/2"]
[WhiteElo "1349"]
[BlackElo "1371"]
[PlyCount "53"]

1. d4 Nf6 2. c4 g6 3. Nc3 Bg7 4. Bg5 d6 5. Nf3 Nbd7 6. e4 O-O 7. Be2 e5 8. O-O
exd4 9. Nxd4 Qe8 10. Bd3 Nc5 11. Bxf6 Bxf6 12. Nd5 Bxd4 13. Nxc7 Qd8 14. Nxa8
Be6 15. Be2 Bxb2 16. Rb1 Be5 17. f4 Bg7 18. e5 Qxa8 19. Qxd6 Ne4 20. Qb4 b6 21.
Bf3 f5 22. exf6 Bxf6 23. c5 bxc5 24. Qxe4 Qxe4 25. Bxe4 Bxa2 26. Rb7 c4 27.
Bd5+ 1/2-1/2

[Event "Tournoi francophone 020B"]
[Site "Skype"]
[Date "????.??.??"]
[Round "5.3"]
[White "Sauvaget, Joel"]
[Black "Gadow, Martin"]
[Result "1/2-1/2"]
[WhiteElo "1255"]
[BlackElo "1467"]
[PlyCount "93"]

1. e4 c5 2. d3 Nf6 3. Nf3 d6 4. Be2 Nc6 5. a3 e6 6. Nbd2 Be7 7. Nf1 Qc7 8. Ng3
O-O 9. O-O d5 10. exd5 Nxd5 11. Bd2 Bf6 12. Ne4 Be7 13. Qc1 Nd4 14. Nxd4 cxd4
15. Bg5 Bxg5 16. Nxg5 h6 17. Ne4 Bd7 18. Qd2 Rac8 19. Rac1 b6 20. Bf3 f5 21.
Ng3 Nf4 22. Ne2 Nxe2+ 23. Qxe2 Rf6 24. c4 Qd6 25. b4 Bc6 26. Bxc6 Qxc6 27. c5
b5 28. Rce1 Rg6 29. g3 f4 30. Qe4 Qe8 31. Qxf4 Rd8 32. Rc1 Qc6 33. Rfe1 Rd5 34.
Qe4 e5 35. Re2 a5 36. Rce1 axb4 37. axb4 Rf6 38. Qg2 Qe6 39. f4 Rf5 40. fxe5
Rfxe5 41. Rxe5 Rxe5 42. Rxe5 Qxe5 43. Qa8+ Kf7 44. Qb7+ Kf8 45. Qc8+ Ke7 46.
Qb7+ Kf8 47. Qc8+ 1/2-1/2

[Event "Tournoi francophone 020B"]
[Site "Skype"]
[Date "????.??.??"]
[Round "5.4"]
[White "Le Brun, Yves"]
[Black "Gharbi, Said"]
[Result "1-0"]
[WhiteElo "1331"]
[BlackElo "1252"]
[PlyCount "73"]

1. c4 b6 2. Nf3 Bb7 3. e3 e6 4. g3 Bb4 5. a3 Bc5 6. Bg2 Nf6 7. Nc3 Ne4 8. Nxe4
Bxe4 9. O-O Bd3 10. Re1 Bxc4 11. Ne5 d5 12. Nxc4 Nc6 13. d4 Be7 14. Qa4 Qd7 15.
Nd2 O-O 16. b4 a6 17. f3 b5 18. Qd1 e5 19. Nb3 a5 20. Bb2 axb4 21. Nc5 Bxc5 22.
dxc5 bxa3 23. Bxa3 b4 24. Bb2 Na5 25. Bxe5 Qb5 26. Bd4 Rae8 27. Bf1 Nc4 28. Rb1
Rb8 29. Qc1 Rfe8 30. Rb3 c6 31. Bd3 Qa5 32. Bxc4 dxc4 33. Qxc4 h5 34. Ra1 Qc7
35. Rxb4 Rxb4 36. Qxb4 Rb8 37. Qc3 1-0

[Event "Tournoi francophone 020B"]
[Site "Skype"]
[Date "????.??.??"]
[Round "5.5"]
[White "Duthoit, Bernard"]
[Black "Trivedi, Viral"]
[Result "0-1"]
[WhiteElo "1320"]
[BlackElo "1261"]
[PlyCount "42"]

1. e4 e6 2. d4 d5 3. exd5 exd5 4. Nf3 Nc6 5. Bb5 Nge7 6. O-O a6 7. Ba4 b5 8.
Bb3 Nf5 9. Re1+ Be6 10. a4 Bd6 11. axb5 axb5 12. Ba2 Nb4 13. c3 Nxa2 14. Be3
O-O 15. Nbd2 Nxe3 16. Rxe3 Bf4 17. Re1 Bg4 18. Nb3 b4 19. Qb1 Bxf3 20. gxf3
Qg5+ 21. Kh1 Qh4 0-1

[Event "Tournoi francophone 020B"]
[Site "Skype"]
[Date "????.??.??"]
[Round "6.1"]
[White "Guillaume, Mickael"]
[Black "Trivedi, Viral"]
[Result "0-1"]
[WhiteElo "1126"]
[BlackElo "1261"]
[PlyCount "30"]

1. e4 e6 2. Bc4 d5 3. exd5 exd5 4. Bb3 Be6 5. a3 Bd6 6. d4 Ne7 7. Nf3 Nbc6 8.
Be3 Qd7 9. Qd3 Bf5 10. Qe2 f6 11. c4 Na5 12. Ba2 dxc4 13. Bxc4 Nxc4 14. Qxc4
Be6 15. d5 Bxd5 0-1

[Event "Tournoi francophone 020B"]
[Site "Skype"]
[Date "????.??.??"]
[Round "6.2"]
[White "Gharbi, Said"]
[Black "Duthoit, Bernard"]
[Result "0-1"]
[WhiteElo "1252"]
[BlackElo "1320"]
[PlyCount "101"]

1. e4 e6 2. f4 d5 3. e5 f6 4. d4 c5 5. c3 cxd4 6. cxd4 fxe5 7. Qh5+ g6 8. Qxe5
Qf6 9. Nf3 Nc6 10. Bb5 Qxe5+ 11. Nxe5 Bd7 12. Bxc6 bxc6 13. Nxd7 Kxd7 14. O-O
Bg7 15. Be3 Nf6 16. Nc3 Ng4 17. Rfe1 Nxe3 18. Rxe3 Bxd4 19. Rae1 Bxe3+ 20. Rxe3
d4 21. Rd3 c5 22. Ne4 Kc6 23. Ng5 Kd5 24. Ra3 h6 25. Nf3 Rhf8 26. g3 g5 27.
fxg5 hxg5 28. Nxg5 a5 29. Nh7 Rf7 30. Ng5 Rf5 31. Nf3 e5 32. g4 Rf4 33. g5 e4
34. Ne1 Rg4+ 35. Rg3 Rxg3+ 36. hxg3 Rf8 37. Kg2 e3 38. Nd3 c4 39. Nf4+ Rxf4 40.
gxf4 d3 41. g6 Ke6 42. g7 Kf7 43. Kf3 e2 44. Kf2 Kxg7 45. Ke1 Kf6 46. Kd2 Kf5
47. b3 Kxf4 48. bxc4 Ke4 49. c5 Kd5 50. c6 Kxc6 51. Kxd3 0-1

[Event "Tournoi francophone 020B"]
[Site "Skype"]
[Date "????.??.??"]
[Round "6.3"]
[White "Gadow, Martin"]
[Black "Le Brun, Yves"]
[Result "1/2-1/2"]
[WhiteElo "1467"]
[BlackElo "1331"]
[PlyCount "75"]

1. Nf3 d6 2. d4 g6 3. c3 Nc6 4. e4 f5 5. Nbd2 Bg7 6. Bb5 Bd7 7. exf5 Bxf5 8.
Nh4 e6 9. Nxf5 exf5 10. O-O a6 11. Re1+ Kd7 12. Bxc6+ bxc6 13. d5 Ne7 14. dxc6+
Nxc6 15. Nf3 Bf6 16. Qd5 Qg8 17. Qxg8 Rhxg8 18. Ng5 Bxg5 19. Bxg5 Rae8 20. b4
Ne5 21. Red1 Re6 22. Rab1 Rge8 23. g3 Nf3+ 24. Kg2 Nxg5 25. h4 Ne4 26. Rd3 Nf6
27. b5 axb5 28. Rxb5 c6 29. Rb7+ Kc8 30. Rb2 Nd7 31. c4 Nc5 32. Ra3 R8e7 33.
Ra8+ Kc7 34. a4 Nd3 35. Ra7+ Kc8 36. Ra8+ Kc7 37. Ra7+ Kc8 38. Ra8+ 1/2-1/2

[Event "Tournoi francophone 020B"]
[Site "Skype"]
[Date "????.??.??"]
[Round "6.4"]
[White "Abdulrazzaq, Mohsen"]
[Black "Sauvaget, Joel"]
[Result "1-0"]
[WhiteElo "1371"]
[BlackElo "1255"]
[PlyCount "45"]

1. e4 e5 2. Nf3 d6 3. h3 Nf6 4. Nc3 c6 5. Be2 Be7 6. O-O O-O 7. d4 exd4 8. Qxd4
Be6 9. e5 dxe5 10. Qxd8 Rxd8 11. Nxe5 Nbd7 12. Nf3 h6 13. Be3 Nf8 14. Nd4 Nd5
15. Nxe6 Nxe6 16. Nxd5 Rxd5 17. Rfd1 Rdd8 18. Rxd8+ Bxd8 19. Rd1 a6 20. Rd7 Bc7
21. Bc4 Rd8 22. Bxe6 Rxd7 23. Bxd7 1-0

[Event "Tournoi francophone 020B"]
[Site "Skype"]
[Date "????.??.??"]
[Round "6.5"]
[White "Marino, Giuseppe"]
[Black "Pouteau, Pascal"]
[Result "1-0"]
[WhiteElo "1335"]
[BlackElo "1349"]
[PlyCount "53"]

1. e4 d6 2. Be2 g6 3. Nf3 Bg7 4. c3 Nc6 5. d3 e5 6. Bg5 f6 7. Be3 Bg4 8. h3
Bxf3 9. Bxf3 Qd7 10. Nd2 Bh6 11. Bxh6 Nxh6 12. Nc4 Nf7 13. Ne3 Ne7 14. Ng4 Ng8
15. Ne3 c6 16. Bg4 Qe7 17. Qe2 h5 18. Bf3 Ng5 19. O-O-O Qe6 20. Kb1 Ne7 21. h4
Nxf3 22. gxf3 a5 23. Ng2 a4 24. f4 a3 25. b3 d5 26. exd5 Nxd5 27. Rc1 1-0